[Event "ENCI Limburg-open A"]
[Site "Maastricht"]
[Date "2010.05.22"]
[Round "2"]
[White "Brandenburg, Daan"]
[Black "Beeke, Bobby"]
[Result "1-0"]
[WhiteElo "2503"]
[BlackElo "2210"]
[PlyCount "55"]
[EventDate "2010.05.21"]
[EventType "swiss"]
[EventRounds "7"]
[EventCountry "NED"]
[Source "P.Boonen"]
[SourceDate "2010.10.01"]

1. e4 c5 2. c3 Nf6 3. e5 Nd5 4. Nf3 e6 5. Bc4 d6 6. d4 cxd4 7. cxd4 Nb6 8. Bd3
dxe5 9. dxe5 Na6 10. Qe2 Nc5 11. Bc2 Nd5 12. O-O Bd7 13. Nc3 Nxc3 14. bxc3 Be7
15. Rd1 Qa5 16. Be3 Rc8 17. Rab1 Rc7 18. Ng5 Qxc3 19. Bd4 Qa5 20. Nxh7 Na4 21.
Rb3 Nb6 22. Rh3 Rg8 23. Bb3 Bb5 24. Qg4 Bd7 25. Bxb6 axb6 26. Nf6+ Bxf6 27.
exf6 Qe5 28. Qxg7 1-0

[Event "ENCI Limburg-open A"]
[Site "Maastricht"]
[Date "2010.05.22"]
[Round "2"]
[White "Bus, Tom"]
[Black "Ondersteijn, Niels"]
[Result "1/2-1/2"]
[WhiteElo "2185"]
[BlackElo "2276"]
[PlyCount "50"]
[EventDate "2010.05.21"]
[EventType "swiss"]
[EventRounds "7"]
[EventCountry "NED"]
[Source "P.Boonen"]
[SourceDate "2010.10.01"]

1. c4 g6 2. g3 c5 3. Bg2 Bg7 4. Nc3 Nc6 5. a3 d6 6. Nf3 e5 7. O-O Nge7 8. Rb1
a5 9. d3 O-O 10. Bg5 f6 11. Bd2 Be6 12. Ne1 Rb8 13. Nc2 d5 14. cxd5 Nxd5 15.
Nxd5 Bxd5 16. Bxd5+ Qxd5 17. b4 axb4 18. axb4 cxb4 19. Nxb4 Nxb4 20. Rxb4 Rf7
21. Qb3 Qxb3 22. Rxb3 b5 23. Rfb1 Rfb7 24. f4 Bf8 25. Bb4 Bxb4 1/2-1/2

[Event "ENCI Limburg-open A"]
[Site "Maastricht"]
[Date "2010.05.22"]
[Round "2"]
[White "Dambacher, Martijn"]
[Black "Memeti, Kastriot"]
[Result "1/2-1/2"]
[WhiteElo "2486"]
[BlackElo "2202"]
[PlyCount "109"]
[EventDate "2010.05.21"]
[EventType "swiss"]
[EventRounds "7"]
[EventCountry "NED"]
[Source "P.Boonen"]
[SourceDate "2010.10.01"]

1. d4 Nf6 2. c4 e6 3. Nc3 Bb4 4. e3 b6 5. Nge2 Ba6 6. a3 Be7 7. Nf4 d5 8. cxd5
Bxf1 9. Kxf1 exd5 10. Qf3 c6 11. g4 O-O 12. Bd2 Na6 13. g5 Ne8 14. h4 Nd6 15.
Kg2 Qd7 16. Rac1 Rac8 17. Qh3 Qxh3+ 18. Kxh3 Nc4 19. Rc2 Nc7 20. Rhc1 Bd6 21.
Nd3 f6 22. gxf6 Rxf6 23. a4 Rcf8 24. Nd1 c5 25. dxc5 bxc5 26. b3 Nxd2 27. Rxd2
Ne6 28. Kg2 Rh6 29. Nc3 Rh5 30. Ne1 d4 31. Ne4 Be7 32. Nf3 Rhf5 33. Nfg5 Nxg5
34. hxg5 dxe3 35. fxe3 Bxg5 36. Rd3 Be7 37. Rd7 Re5 38. Rc4 Rb8 39. Rxa7 Rxb3
40. Kf3 g5 41. a5 Ra3 42. Nc3 h5 43. a6 g4+ 44. Kf4 Bd6 45. Rd7 Bb8 46. Rb7
Re8+ 47. Kg5 Rxa6 48. Kxh5 g3 49. Rxc5 Re5+ 50. Rxe5 Bxe5 51. Ne2 g2 52. Rb5
Ra2 53. Rxe5 Rxe2 54. Rg5+ Kf7 55. Kh4 1/2-1/2

[Event "ENCI Limburg-open A"]
[Site "Maastricht"]
[Date "2010.05.22"]
[Round "2"]
[White "Driessens, Patrick"]
[Black "Bijlsma, Nick"]
[Result "1-0"]
[WhiteElo "2357"]
[BlackElo "2125"]
[PlyCount "63"]
[EventDate "2010.05.21"]
[EventType "swiss"]
[EventRounds "7"]
[EventCountry "NED"]
[Source "P.Boonen"]
[SourceDate "2010.10.01"]

1. Nf3 Nf6 2. d4 g6 3. Bf4 Bg7 4. e3 O-O 5. Be2 d5 6. O-O Nbd7 7. h3 b6 8. c4
Bb7 9. Nc3 Rc8 10. cxd5 Nxd5 11. Nxd5 Bxd5 12. Ba6 Ra8 13. Qe2 Nb8 14. Bc4 e6
15. Bxd5 Qxd5 16. Bxc7 Nc6 17. b3 Rfc8 18. Bg3 Nb4 19. Rfc1 Qa5 20. a4 a6 21.
Ne5 b5 22. Qf3 Rxc1+ 23. Rxc1 Rf8 24. Nd7 Na2 25. Ra1 bxa4 26. bxa4 Rd8 27.
Nf6+ Bxf6 28. Qxf6 Nc3 29. Be5 Ne2+ 30. Kf1 Qe1+ 31. Rxe1 Re8 32. Qg7# 1-0

[Event "ENCI Limburg-open A"]
[Site "Maastricht"]
[Date "2010.05.22"]
[Round "2"]
[White "Edeling, Jeroen"]
[Black "Ten Hagen, Yorick"]
[Result "1/2-1/2"]
[WhiteElo "2114"]
[BlackElo "2215"]
[PlyCount "119"]
[EventDate "2010.05.21"]
[EventType "swiss"]
[EventRounds "7"]
[EventCountry "NED"]
[Source "P.Boonen"]
[SourceDate "2010.10.01"]

1. e4 e5 2. Bc4 Nc6 3. Nc3 Nf6 4. d3 Bc5 5. f4 d6 6. f5 Na5 7. Bg5 h6 8. Bh4 c6
9. Qf3 b5 10. Bb3 Bb7 11. Nh3 Nxb3 12. axb3 a6 13. Ne2 Kf8 14. Bf2 Bxf2+ 15.
Nxf2 h5 16. h4 Bc8 17. Ng3 a5 18. c3 Qb6 19. Ne2 b4 20. c4 Nd7 21. Rh3 Nc5 22.
Nc1 a4 23. bxa4 Rxa4 24. Rxa4 Nxa4 25. b3 Nc3 26. Qe3 c5 27. Rg3 Qd8 28. Qg5
Qxg5 29. Rxg5 Rh6 30. Nd1 Nxd1 31. Kxd1 g6 32. fxg6 Bg4+ 33. Kd2 f6 34. Rf5
Bxf5 35. exf5 Rh8 36. Ne2 Ke7 37. Kc2 Ra8 38. Kb2 Rd8 39. Ng3 d5 40. cxd5 Rxd5
41. Kc2 Rd4 42. Ne4 c4 43. bxc4 b3+ 44. Kxb3 Rxd3+ 45. Kb4 Rd4 46. g7 Kf7 47.
Nxf6 Kxg7 48. Nxh5+ Kf7 49. g3 e4 50. Nf4 Kf6 51. Kc3 Rd8 52. g4 Rh8 53. Kd4
Rxh4 54. Nd5+ Kg5 55. Ne3 Rh8 56. Kxe4 Re8+ 57. Kd4 Rd8+ 58. Ke4 Re8+ 59. Kd4
Rd8+ 60. Ke4 1/2-1/2

[Event "ENCI Limburg-open A"]
[Site "Maastricht"]
[Date "2010.05.22"]
[Round "2"]
[White "Favier, Alain"]
[Black "Laurent, Bruno"]
[Result "0-1"]
[WhiteElo "2097"]
[BlackElo "2330"]
[PlyCount "102"]
[EventDate "2010.05.21"]
[EventType "swiss"]
[EventRounds "7"]
[EventCountry "NED"]
[Source "P.Boonen"]
[SourceDate "2010.10.01"]

1. d4 Nf6 2. c4 c5 3. d5 e6 4. Nc3 exd5 5. cxd5 Bd6 6. Nf3 O-O 7. g3 a6 8. a4
Bc7 9. Bg2 d6 10. O-O Nbd7 11. Qc2 Re8 12. Rd1 Nf8 13. Nh4 Rb8 14. b3 Ng6 15.
Nf5 b5 16. axb5 axb5 17. Bb2 Ne5 18. e4 Bd7 19. Ne2 Bxf5 20. exf5 Bb6 21. h3 h6
22. Nf4 c4 23. Ne2 Nd3 24. Rxd3 cxd3 25. Qxd3 Nd7 26. f6 Nxf6 27. Nd4 Bxd4 28.
Bxd4 Nd7 29. f4 Nc5 30. Qd1 Qd7 31. Bb2 Re3 32. Qd4 Rxg3 33. Kh2 Rg6 34. b4 Na4
35. Be4 Re8 36. f5 Rg5 37. Bc1 Rxf5 38. Ra3 Rxe4 39. Qxe4 Re5 40. Qg2 Qe8 41.
Qg4 Re2+ 42. Kg3 Qe5+ 43. Bf4 Qe4 44. Rf3 Qc2 45. Kh4 g5+ 46. Bxg5 hxg5+ 47.
Qxg5+ Qg6 48. Qxg6+ fxg6 49. Rf6 Kg7 50. Rxd6 Rg2 51. Rd8 Nc3 0-1

[Event "ENCI Limburg-open A"]
[Site "Maastricht"]
[Date "2010.05.22"]
[Round "2"]
[White "Groffen, Hans"]
[Black "Heltzel, Joost"]
[Result "1/2-1/2"]
[WhiteElo "2149"]
[BlackElo "2265"]
[PlyCount "72"]
[EventDate "2010.05.21"]
[EventType "swiss"]
[EventRounds "7"]
[EventCountry "NED"]
[Source "P.Boonen"]
[SourceDate "2010.10.01"]

1. d4 Nf6 2. c4 e5 3. dxe5 Ng4 4. Nf3 Bc5 5. e3 Nc6 6. a3 a5 7. Be2 Ngxe5 8.
O-O O-O 9. Nc3 Re8 10. Nd4 d6 11. f4 Nd7 12. Bf3 Nxd4 13. exd4 Ba7 14. Kh1 Nf6
15. Qd3 g6 16. Qd1 d5 17. f5 Bxf5 18. Bg5 h6 19. Bh4 g5 20. Bxd5 Bg6 21. Bf2
Nxd5 22. Nxd5 c6 23. Nc3 Qf6 24. Bg1 Qg7 25. d5 Bxg1 26. Kxg1 Re3 27. dxc6 bxc6
28. Qd6 Re6 29. Qc5 Rb8 30. Na4 Qe5 31. Rf2 Rbe8 32. Qxe5 Rxe5 33. Rd2 Re2 34.
Rad1 Kg7 35. Nc3 Rxd2 36. Rxd2 Rb8 1/2-1/2

[Event "ENCI Limburg-open A"]
[Site "Maastricht"]
[Date "2010.05.22"]
[Round "2"]
[White "Groot, Simon"]
[Black "Hamblok, Roel"]
[Result "0-1"]
[WhiteElo "2026"]
[BlackElo "2145"]
[PlyCount "108"]
[EventDate "2010.05.21"]
[EventType "swiss"]
[EventRounds "7"]
[EventCountry "NED"]
[Source "P.Boonen"]
[SourceDate "2010.10.01"]

1. e4 Nf6 2. e5 Nd5 3. d4 d6 4. c4 Nb6 5. exd6 exd6 6. Nf3 Bg4 7. Be2 Be7 8.
O-O O-O 9. Nbd2 Nc6 10. d5 Nb8 11. Nd4 Bxe2 12. Qxe2 Bf6 13. N2f3 Re8 14. Be3
N8d7 15. Rac1 Ne5 16. Nxe5 Bxe5 17. Nf3 Bf4 18. Rc3 Qf6 19. Qc2 Bxe3 20. Rxe3
Rxe3 21. fxe3 Re8 22. Re1 a6 23. b3 Nd7 24. Nd4 g6 25. h3 Qg5 26. Nf3 Qh6 27.
Qd2 Nc5 28. b4 Ne4 29. Qd4 b6 30. a4 Ng3 31. Kf2 Ne4+ 32. Kg1 Qh5 33. Rb1 Qf5
34. Rb2 h5 35. Qd3 Ng3 36. Rd2 Qf6 37. Rd1 Qe7 38. Re1 Ne4 39. Qd4 Ra8 40. Kh2
a5 41. b5 Re8 42. g4 Ng5 43. Nxg5 Qxg5 44. Kg3 Re5 45. Qf4 Qe7 46. Kf3 Qh4 47.
Rh1 hxg4+ 48. Qxg4 Rf5+ 49. Ke2 Qf2+ 50. Kd3 Qb2 51. Qe2 Qa3+ 52. Kd4 Re5 53.
h4 f5 54. Rg1 Re4# 0-1

[Event "ENCI Limburg-open A"]
[Site "Maastricht"]
[Date "2010.05.22"]
[Round "2"]
[White "Haast, Anne"]
[Black "Van Vliet, Dennis"]
[Result "1-0"]
[WhiteElo "2220"]
[BlackElo "2104"]
[PlyCount "33"]
[EventDate "2010.05.21"]
[EventType "swiss"]
[EventRounds "7"]
[EventCountry "NED"]
[Source "P.Boonen"]
[SourceDate "2010.10.01"]

1. e4 e6 2. d4 d5 3. Nc3 Nf6 4. Bg5 Be7 5. e5 Nfd7 6. h4 c5 7. Bxe7 Kxe7 8.
dxc5 Nc6 9. Nf3 Qa5 10. Qd2 Qxc5 11. O-O-O f6 12. exf6+ gxf6 13. Rh3 Nde5 14.
Nxe5 Nxe5 15. Re1 Rd8 16. Rg3 Rd6 17. Rxe5 1-0

[Event "ENCI Limburg-open A"]
[Site "Maastricht"]
[Date "2010.05.22"]
[Round "2"]
[White "Henzen, Arno"]
[Black "Henrichs, Thomas"]
[Result "0-1"]
[WhiteElo "2186"]
[BlackElo "2482"]
[PlyCount "90"]
[EventDate "2010.05.21"]
[EventType "swiss"]
[EventRounds "7"]
[EventCountry "NED"]
[Source "P.Boonen"]
[SourceDate "2010.10.01"]

1. Nf3 Nf6 2. c4 c5 3. Nc3 e6 4. g3 b6 5. Bg2 Bb7 6. O-O Be7 7. Re1 a6 8. e4 d6
9. d4 cxd4 10. Nxd4 Qc7 11. Be3 Nbd7 12. f4 Rc8 13. Rc1 Qb8 14. b3 Qa8 15. Bf2
O-O 16. g4 g6 17. g5 Nh5 18. Qg4 Rc7 19. Bf1 Qc8 20. Qh4 h6 21. Bh3 hxg5 22.
fxg5 Rc5 23. Be3 Qd8 24. Nxe6 fxe6 25. Bxe6+ Kg7 26. Nd5 Ne5 27. Rf1 Bxd5 28.
exd5 Nf3+ 29. Rxf3 Rxf3 30. Qd4+ Kh7 31. Qe4 Bf8 32. h4 Rg3+ 33. Kh2 Rxe3 34.
Qxe3 Bg7 35. Rf1 Qe8 36. Rf7 b5 37. Re7 Qxe7 38. Bg8+ Kxg8 39. Qxe7 Be5+ 40.
Kh3 bxc4 41. b4 Rxd5 42. Qe8+ Kh7 43. a4 c3 44. b5 axb5 45. axb5 c2 0-1

[Event "ENCI Limburg-open A"]
[Site "Maastricht"]
[Date "2010.05.22"]
[Round "2"]
[White "Hetey, Laszlo"]
[Black "Fedorchuk, Sergey A"]
[Result "0-1"]
[WhiteElo "2351"]
[BlackElo "2646"]
[PlyCount "62"]
[EventDate "2010.05.21"]
[EventType "swiss"]
[EventRounds "7"]
[EventCountry "NED"]
[Source "P.Boonen"]
[SourceDate "2010.10.01"]

1. d4 Nf6 2. c4 e6 3. Nf3 b6 4. g3 Bb4+ 5. Bd2 c5 6. Bxb4 cxb4 7. Bg2 Bb7 8.
O-O a5 9. a3 Na6 10. Nbd2 O-O 11. Re1 d6 12. e4 Qc7 13. e5 dxe5 14. dxe5 Nd7
15. Qc2 h6 16. g4 Rfd8 17. Re3 Rac8 18. g5 hxg5 19. Nxg5 Nf8 20. Bxb7 Qxb7 21.
Nde4 b5 22. c5 Qd5 23. axb4 Nxb4 24. Qe2 Rc7 25. Nd6 Nc6 26. Nxb5 Nd4 27. Nxd4
Qxd4 28. Rxa5 Ng6 29. Re4 Nf4 30. Qe1 Qd1 31. Ra1 Qg4+ 0-1

[Event "ENCI Limburg-open A"]
[Site "Maastricht"]
[Date "2010.05.22"]
[Round "2"]
[White "Hoffmeister, Frank1"]
[Black "Kempen, Leon"]
[Result "1-0"]
[WhiteElo "2173"]
[BlackElo "2018"]
[PlyCount "83"]
[EventDate "2010.05.21"]
[EventType "swiss"]
[EventRounds "7"]
[EventCountry "NED"]
[Source "P.Boonen"]
[SourceDate "2010.10.01"]

1. d4 d6 2. c4 g6 3. Nc3 Bg7 4. e4 Nc6 5. Be3 e5 6. d5 Nce7 7. Be2 Nf6 8. g4 h5
9. g5 Nh7 10. f4 f5 11. gxf6 Bxf6 12. Nf3 Bg4 13. Qd2 O-O 14. O-O Qd7 15. Kh1
Rf7 16. fxe5 dxe5 17. c5 Rd8 18. Rf2 Nc8 19. Raf1 Rdf8 20. Bc4 Kh8 21. c6 bxc6
22. dxc6 Qxd2 23. Nxd2 Bh3 24. Bxf7 Rxf7 25. Rg1 Kg7 26. Nd5 Nb6 27. Nxb6 axb6
28. Nb1 Nf8 29. Nc3 Bg4 30. Kg2 Be6 31. Rgf1 Bc4 32. Rd1 g5 33. b3 Be6 34. Nd5
Ng6 35. Nxf6 Rxf6 36. Rd7+ Bxd7 37. cxd7 Nh4+ 38. Kg3 Rd6 39. Bxg5 Rxd7 40.
Bxh4 Rd3+ 41. Kg2 Kg6 42. Bg3 1-0

[Event "ENCI Limburg-open A"]
[Site "Maastricht"]
[Date "2010.05.22"]
[Round "2"]
[White "Holm, Sejer"]
[Black "Coenen, Eduard"]
[Result "1-0"]
[WhiteElo "2253"]
[BlackElo "2140"]
[PlyCount "75"]
[EventDate "2010.05.21"]
[EventType "swiss"]
[EventRounds "7"]
[EventCountry "NED"]
[Source "P.Boonen"]
[SourceDate "2010.10.01"]

1. Nf3 d5 2. d4 c6 3. c4 Bf5 4. cxd5 cxd5 5. Qb3 Qc8 6. Nc3 e6 7. Bf4 Nc6 8.
Rc1 Bb4 9. e3 Nge7 10. Bb5 O-O 11. O-O a6 12. Bxc6 Nxc6 13. Na4 Ba5 14. Ne5 Bd2
15. Nb6 Bxc1 16. Nxc8 Raxc8 17. Rxc1 Nxe5 18. Rxc8 Rxc8 19. h3 Nd3 20. Qxb7 e5
21. dxe5 Nxf4 22. exf4 Rd8 23. Qc7 Rc8 24. Qd6 Be6 25. f5 Bxf5 26. Qxd5 g6 27.
Qd4 Rc2 28. g4 Be6 29. a3 Bb3 30. h4 Rc4 31. Qd8+ Kg7 32. Qf6+ Kg8 33. f4 Rc1+
34. Kg2 Rc2+ 35. Kg3 Bc4 36. h5 Rxb2 37. h6 Rb3+ 38. Kh4 1-0

[Event "ENCI Limburg-open A"]
[Site "Maastricht"]
[Date "2010.05.22"]
[Round "2"]
[White "Hortensius, Lisa"]
[Black "Hovenga, Alje"]
[Result "1-0"]
[WhiteElo "2063"]
[BlackElo "2188"]
[PlyCount "71"]
[EventDate "2010.05.21"]
[EventType "swiss"]
[EventRounds "7"]
[EventCountry "NED"]
[Source "P.Boonen"]
[SourceDate "2010.10.01"]

1. e4 Nc6 2. Nc3 Nf6 3. d4 d5 4. exd5 Nxd5 5. Nxd5 Qxd5 6. Nf3 Bg4 7. Be2 O-O-O
8. Be3 e5 9. Nxe5 Bxe2 10. Qxe2 Nxe5 11. dxe5 Qxg2 12. Rf1 Be7 13. Bd2 Bg5 14.
f4 Bh4+ 15. Kd1 Qd5 16. Kc1 Kb8 17. Bc3 Be7 18. a3 Rhe8 19. b3 Bc5 20. Kb2 Qc6
21. Qc4 Rd5 22. b4 b5 23. Qe4 Bb6 24. Rad1 Red8 25. Rxd5 Qxd5 26. Qxd5 Rxd5 27.
f5 Bd4 28. Bxd4 Rxd4 29. f6 gxf6 30. Rxf6 Rh4 31. Rxf7 Rxh2 32. e6 Re2 33. e7
Kb7 34. Rxh7 Kc6 35. Kc3 Re6 36. Rh6 1-0

[Event "ENCI Limburg-open A"]
[Site "Maastricht"]
[Date "2010.05.22"]
[Round "2"]
[White "Hovhanisian, Mher"]
[Black "Vrancken, Gilbert"]
[Result "1-0"]
[WhiteElo "2482"]
[BlackElo "2165"]
[PlyCount "42"]
[EventDate "2010.05.21"]
[EventType "swiss"]
[EventRounds "7"]
[EventCountry "NED"]
[Source "P.Boonen"]
[SourceDate "2010.10.01"]

1. e4 c5 2. c3 d6 3. d4 Nf6 4. Bd3 cxd4 5. cxd4 g6 6. Nc3 Bg7 7. h3 O-O 8. Nf3
b6 9. O-O Bb7 10. Re1 Nbd7 11. b4 e5 12. d5 Nh5 13. a4 Nf4 14. Bf1 f5 15. g3
Rc8 16. Ra3 fxe4 17. Nxe4 Nxd5 18. Nxd6 Nc3 19. Nxb7 Nxd1 20. Nxd8 Rxc1 21. Ne6
Rfc8 1-0

[Event "ENCI Limburg-open A"]
[Site "Maastricht"]
[Date "2010.05.22"]
[Round "2"]
[White "Kirkebo, Carl Peter"]
[Black "Hoornstra, Hans"]
[Result "1-0"]
[WhiteElo "2159"]
[BlackElo "1978"]
[PlyCount "35"]
[EventDate "2010.05.21"]
[EventType "swiss"]
[EventRounds "7"]
[EventCountry "NED"]
[Source "P.Boonen"]
[SourceDate "2010.10.01"]

1. e4 c5 2. Nc3 Nc6 3. Bb5 e5 4. d3 Bd6 5. Nge2 Nge7 6. O-O a6 7. Bc4 b5 8. Bb3
Bb7 9. f4 O-O 10. f5 c4 11. dxc4 Bc5+ 12. Kh1 b4 13. Nd5 Nd4 14. Nxd4 Bxd4 15.
Qh5 Nxd5 16. cxd5 f6 17. d6+ Kh8 18. Rf3 1-0

[Event "ENCI Limburg-open A"]
[Site "Maastricht"]
[Date "2010.05.22"]
[Round "2"]
[White "Kuryliw, Ray"]
[Black "Braun, Christian1"]
[Result "0-1"]
[WhiteElo "2103"]
[BlackElo "2377"]
[PlyCount "86"]
[EventDate "2010.05.21"]
[EventType "swiss"]
[EventRounds "7"]
[EventCountry "NED"]
[Source "P.Boonen"]
[SourceDate "2010.10.01"]

1. e4 e6 2. d4 d5 3. Nc3 Nf6 4. e5 Nfd7 5. Nce2 c5 6. c3 Nc6 7. f4 b5 8. Nf3
Qb6 9. g3 a5 10. Bh3 g6 11. O-O Ba6 12. Rf2 Be7 13. Be3 c4 14. Qd2 b4 15. g4 h5
16. f5 hxg4 17. Bxg4 gxf5 18. Bxf5 exf5 19. Ng5 Rg8 20. Kf1 Nf8 21. Rxf5 Bc8
22. Rf3 Be6 23. Ng3 Qd8 24. Nxe6 fxe6 25. Kg1 Ng6 26. Raf1 Nh4 27. R3f2 Nf5 28.
Rg2 Nxg3 29. hxg3 Bg5 30. Rgf2 Bxe3 31. Qxe3 Ne7 32. Qh6 Kd7 33. Rf7 Rxg3+ 34.
Kf2 Qg8 35. Ke1 Rg1 36. Qf6 Rxf1+ 37. Kxf1 Qe8 38. Ke2 Rb8 39. Kd2 a4 40. cxb4
Rxb4 41. Rf8 Qh5 42. Rf7 Qh2+ 43. Ke1 Qg1+ 0-1

[Event "ENCI Limburg-open A"]
[Site "Maastricht"]
[Date "2010.05.22"]
[Round "2"]
[White "Larmuseau, Maarten"]
[Black "Dalemans, Diana"]
[Result "1-0"]
[WhiteElo "2267"]
[BlackElo "1906"]
[PlyCount "135"]
[EventDate "2010.05.21"]
[EventType "swiss"]
[EventRounds "7"]
[EventCountry "NED"]
[Source "P.Boonen"]
[SourceDate "2010.10.01"]

1. e4 d5 2. exd5 Qxd5 3. Nc3 Qa5 4. d4 c6 5. Nf3 Nf6 6. Ne5 Bf5 7. Bd3 Bxd3 8.
Qxd3 e6 9. Bd2 Qc7 10. f4 Nbd7 11. O-O-O Bb4 12. Rde1 Nxe5 13. fxe5 Bxc3 14.
Qxc3 Nd5 15. Qg3 O-O-O 16. Rhf1 Rhg8 17. Qa3 Kb8 18. Ba5 b6 19. Bd2 Qd7 20. Qf3
f5 21. exf6 Nxf6 22. Bf4+ Kb7 23. Be5 Rgf8 24. Qa3 h5 25. Re2 Rf7 26. Ref2 Rdf8
27. h3 Qd5 28. g4 hxg4 29. hxg4 Qd7 30. Qf3 Ka6 31. Qd3+ b5 32. Qg6 Qd5 33. g5
Qxa2 34. gxf6 gxf6 35. c3 Qa1+ 36. Qb1 Qa5 37. Qe4 Kb7 38. Rxf6 Rxf6 39. Bxf6
b4 40. Qh7+ Ka6 41. Qd3+ Kb7 42. cxb4 Qxb4 43. Kc2 Rc8 44. Ra1 a5 45. Qb3 c5
46. Qxb4+ axb4 47. Kb3 cxd4 48. Bxd4 Rd8 49. Bc5 Kc6 50. Bxb4 e5 51. Re1 Re8
52. Kc4 e4 53. Re3 Re5 54. Bc3 Rc5+ 55. Kd4 Kb5 56. Rxe4 Rc4+ 57. Kd3 Rc8 58.
Re5+ Kb6 59. b4 Rd8+ 60. Bd4+ Kc6 61. Kc4 Rd7 62. Bc5 Rd1 63. Re6+ Kc7 64. Re7+
Kc8 65. Kb5 Rh1 66. Kc6 Kd8 67. Rf7 Rh6+ 68. Bd6 1-0

[Event "ENCI Limburg-open A"]
[Site "Maastricht"]
[Date "2010.05.22"]
[Round "2"]
[White "Mengerink, Ynze"]
[Black "Maciol, Ryszard"]
[Result "0-1"]
[WhiteElo "2093"]
[BlackElo "2222"]
[PlyCount "52"]
[EventDate "2010.05.21"]
[EventType "swiss"]
[EventRounds "7"]
[EventCountry "NED"]
[Source "P.Boonen"]
[SourceDate "2010.10.01"]

1. e4 e6 2. Nc3 d5 3. Nf3 Nf6 4. e5 Nfd7 5. d4 c5 6. dxc5 Bxc5 7. Bd3 Nc6 8.
Bf4 f6 9. exf6 Nxf6 10. Qe2 O-O 11. O-O-O Qa5 12. Ne5 Nd4 13. Qd2 b5 14. Kb1 b4
15. Ne2 Nb5 16. Bxb5 Qxb5 17. Nd4 Bxd4 18. Qxd4 Ne4 19. Qd3 Qb7 20. Bd2 Nxf2
21. Qd4 Nxh1 22. Bxb4 Rf5 23. Rxh1 Rxe5 24. Qxe5 Qxb4 25. Rf1 Bd7 26. Qc7 Qc4
0-1

[Event "ENCI Limburg-open A"]
[Site "Maastricht"]
[Date "2010.05.22"]
[Round "2"]
[White "Miroshnichenko, Evgenij"]
[Black "Van Eijk, Sander"]
[Result "1-0"]
[WhiteElo "2684"]
[BlackElo "2353"]
[PlyCount "71"]
[EventDate "2010.05.21"]
[EventType "swiss"]
[EventRounds "7"]
[EventCountry "NED"]
[Source "P.Boonen"]
[SourceDate "2010.10.01"]

1. Nf3 c5 2. g3 g6 3. Bg2 Bg7 4. c4 Nc6 5. Nc3 e5 6. d3 Nge7 7. Nd2 d6 8. Nf1
O-O 9. Ne3 Be6 10. a3 Qd7 11. Rb1 Bh3 12. O-O Bxg2 13. Kxg2 f5 14. Ned5 Nxd5
15. cxd5 Ne7 16. e4 Rac8 17. f3 b5 18. Bd2 Qb7 19. b4 c4 20. Qe2 a6 21. Rfc1 f4
22. a4 cxd3 23. Qxd3 bxa4 24. Nxa4 g5 25. Rxc8 Rxc8 26. Nb2 Ra8 27. Nc4 Qb5 28.
Rb3 Nc8 29. Na5 Qa4 30. Ra3 Qd7 31. Nc6 Qb7 32. Be1 Bf6 33. Ra5 Ne7 34. Qb3 Rc8
35. b5 Ra8 36. Qa2 1-0

[Event "ENCI Limburg-open A"]
[Site "Maastricht"]
[Date "2010.05.22"]
[Round "2"]
[White "Nabuurs, Mart"]
[Black "Michiels, Bart"]
[Result "0-1"]
[WhiteElo "2161"]
[BlackElo "2459"]
[PlyCount "112"]
[EventDate "2010.05.21"]
[EventType "swiss"]
[EventRounds "7"]
[EventCountry "NED"]
[Source "P.Boonen"]
[SourceDate "2010.10.01"]

1. e4 e6 2. Nf3 d5 3. e5 c5 4. b4 cxb4 5. a3 Nc6 6. axb4 Bxb4 7. c3 Be7 8. d4
Nh6 9. Bd3 Nf5 10. g4 Nh4 11. Nxh4 Bxh4 12. O-O Be7 13. f4 Bd7 14. Ba3 a6 15.
f5 h5 16. Bxe7 Qxe7 17. f6 gxf6 18. Rxf6 hxg4 19. Ra2 O-O-O 20. Qf1 g3 21. hxg3
Rdg8 22. Qf4 Rh3 23. Rg2 Be8 24. Kf2 Rgh8 25. Qc1 Nb8 26. Nd2 Rh1 27. Nf1 Nd7
28. Rf4 f6 29. exf6 Nxf6 30. Qe3 Rf8 31. Ke1 Ne4 32. Bxe4 dxe4 33. Rgf2 Rxf4
34. Rxf4 Qa3 35. Kf2 Bb5 36. Kg2 Rh8 37. Rf2 Qe7 38. Kg1 Bc6 39. Rh2 Rf8 40.
Rf2 Rf3 41. Rxf3 exf3 42. Nd2 Qf6 43. Kf2 Qf5 44. Qh6 Kb8 45. Qh8+ Ka7 46. Qe5
Qxe5 47. dxe5 Kb6 48. g4 Kc5 49. Nxf3 Kd5 50. Ke3 a5 51. Kf4 a4 52. Ne1 a3 53.
g5 Be8 54. Ke3 a2 55. c4+ Kc5 56. Kd3 Bg6+ 0-1

[Event "ENCI Limburg-open A"]
[Site "Maastricht"]
[Date "2010.05.22"]
[Round "2"]
[White "Nijboer, Friso"]
[Black "Schut, Lisa"]
[Result "1-0"]
[WhiteElo "2567"]
[BlackElo "2267"]
[PlyCount "121"]
[EventDate "2010.05.21"]
[EventType "swiss"]
[EventRounds "7"]
[EventCountry "NED"]
[Source "P.Boonen"]
[SourceDate "2010.10.01"]
[TimeControl "60+4"]
[BlackClock "0:01:00"]

1. e4 c5 2. Nf3 d6 3. d4 cxd4 4. Nxd4 Nf6 5. Nc3 a6 6. Be2 e5 7. Nb3 Be7 8. O-O
O-O 9. Kh1 b6 10. Be3 Bb7 11. f3 b5 12. a4 b4 13. Nd5 Nxd5 14. exd5 Nd7 15. c4
bxc3 16. bxc3 Bg5 17. Bf2 Qc7 18. c4 a5 19. Nd2 f5 20. Nb1 Nc5 21. Nc3 Rfc8 22.
Qc2 Qd7 23. Rab1 Ba6 24. g4 fxg4 25. Bxc5 gxf3 26. Rxf3 dxc5 27. Rg1 Bf4 28.
Bd3 Rf8 29. Bxh7+ Kh8 30. Ne4 Bxc4 31. Qxc4 Kxh7 32. Nxc5 Qf5 33. Ne6 Rfc8 34.
Rxg7+ Kh8 35. Qf1 Qxe6 36. dxe6 Kxg7 37. Rxf4 exf4 38. Qxf4 Rf8 39. Qg5+ Kh7
40. e7 Rg8 41. Qf5+ Kh6 42. h4 Rab8 43. h5 Rbe8 44. Qd5 Kg7 45. Qe6 Kh7 46. h6
Rc8 47. Kh2 Rc2+ 48. Kh3 Rc3+ 49. Kh4 Rcc8 50. Qa6 Ra8 51. Qf6 Rac8 52. Qe6 Kh8
53. Qf7 Rb8 54. Qf6+ Kh7 55. Kh5 Rbc8 56. Qe5 Ra8 57. Qf5+ Kh8 58. Qc5 Kh7 59.
Qe5 Rae8 60. Qf5+ Kh8 61. h7 1-0

[Event "ENCI Limburg-open A"]
[Site "Maastricht"]
[Date "2010.05.22"]
[Round "2"]
[White "Ocantos, Manuel"]
[Black "Swinkels, Robin"]
[Result "0-1"]
[WhiteElo "2125"]
[BlackElo "2493"]
[PlyCount "72"]
[EventDate "2010.05.21"]
[EventType "swiss"]
[EventRounds "7"]
[EventCountry "NED"]
[Source "P.Boonen"]
[SourceDate "2010.10.01"]

1. e4 c5 2. Nf3 e6 3. d4 cxd4 4. Nxd4 Nc6 5. Nc3 Qc7 6. g3 a6 7. Bg2 h5 8. O-O
h4 9. Re1 hxg3 10. hxg3 Bc5 11. Nxc6 bxc6 12. e5 Ne7 13. Bg5 Kf8 14. Na4 Ba7
15. Be3 Bxe3 16. Rxe3 Nf5 17. Rb3 Rb8 18. Nc5 Rb5 19. Rxb5 cxb5 20. b4 Qxe5 21.
a4 d5 22. axb5 axb5 23. Ra8 Ke7 24. Bf1 g6 25. Qc1 Nd4 26. Qd1 Nf5 27. Qc1 Nd6
28. Qd1 Bd7 29. Ra7 Rd8 30. Qc1 Ke8 31. Qh6 Qf6 32. Qh7 Nc8 33. Qh3 Nxa7 34.
Nb7 Rc8 35. Nd6+ Ke7 36. Nxc8+ Bxc8 0-1